LEADER 02978oam 22006134a 450 001 9910793594803321 005 20230817191913.0 010 $a1-5261-3325-3 010 $a1-5261-3324-5 024 7 $a10.7765/9781526133243 035 $a(CKB)4100000007746057 035 $a(MiAaPQ)EBC5720102 035 $a(OCoLC)1088892458 035 $a(MdBmJHUP)muse77780 035 $a(DE-B1597)659525 035 $a(DE-B1597)9781526133243 035 $a(EXLCZ)994100000007746057 100 $a20190829d2019 uy 0 101 0 $aeng 135 $aurcnu|||||||| 181 $ctxt$2rdacontent 182 $cc$2rdamedia 183 $acr$2rdacarrier 200 14$aThe fictions of Arthur Cravan$ePoetry, boxing and revolution /$fDafydd W. Jones 210 1$aBaltimore, Maryland :$cProject Muse,$d2019 210 3$aBaltimore, Md. :$cProject MUSE,$d2019 210 4$dİ2019 215 $a1 online resource (336 pages) 311 $a1-5261-3323-7 320 $aIncludes bibliographical references and index. 327 $aOn the genealogy of Arthur Cravan -- Enter Colossus -- To be an American in Paris -- 'All words are lies' : Maintenant, April 1912-July 1913 -- 'Life has no solution' : Maintenant, November 1913-April 1915 -- The vision of struggling movement : Barcelona 1916 -- 'Pure affect' : New York 1917 -- Being as being, and nothing more. 330 $aThe legendary poet and boxer Arthur Cravan, a fleeting figure on the periphery of early twentieth-century European avant-gardism, is frequently invoked as proto-Dada and Surrealist exemplar. Yet he remains an insubstantial phenomenon, not seen since 1918, lost through historical interstices, clouded in drifting untruths. This study processes philosophical positions into a practical recovery -- from nineteenth-century Nietzsche to twentieth-century Deleuze -- with thoughts on subjectivity, metaphor, representation and multiplicity. From fresh readings and new approaches -- of Cravan's first published work as a manifesto of simulation; of contributors to his Paris review Maintenant as impostures for the Delaunays; and of the conjuring of Cravan in Picabia's elegiac film Entr'acte -- The fictions of Arthur Cravan concludes with the absent poet-boxer's eventual casting off into a Surrealist legacy, and his becoming what metaphor is: a means to represent the world. 606 $aDadaism 606 $aSurrealism 610 $aArthur Cravan. 610 $aDada. 610 $aDeleuze. 610 $aNietzsche. 610 $aSurrealism. 610 $ametaphor. 610 $amultiplicity. 610 $arepresentation. 610 $asimulation. 610 $asubjectivity. 615 0$aDadaism. 615 0$aSurrealism. 676 $a848.91409 700 $aJones$b Dafydd$f1965-$0900745 801 0$bMdBmJHUP 801 1$bMdBmJHUP 906 $aBOOK 912 $a9910793594803321 996 $aThe fictions of Arthur Cravan$93745090 997 $aUNINA LEADER 02080nam 2200481Ia 450 001 996248157203316 005 20160416000000.0 010 $a0-262-23264-2 024 7 $a2027/heb31248 035 $a(CKB)3710000000955338 035 $a(dli)HEB31248 035 $a(MiU) MIU01100000000000000000457 035 $a(EXLCZ)993710000000955338 100 $a20160417d2008 uy 0 101 0 $aeng 135 $aurmnummmmuuuu 181 $ctxt$2rdacontent 182 $cc$2rdamedia 183 $acr$2rdacarrier 200 14$aThe tropics of empire $ewhy Columbus sailed south to the Indies /$fNicola?s Wey Go?mez 210 $aCambridge, Mass. $cMIT Press$dc2008 215 $a1 online resource (xxiv, 592 p. ) $cill. (some col.), maps (some col.) ; 225 1 $aTransformations : studies in the history of science and technology 320 $aIncludes bibliographical references (p. [535]-568) and index. 327 $aIntroduction : why Columbus sailed south to the Indies -- Machina mundi : the moral authority of place in the early transatlantic encounter -- Columbus and the open geography of the ancients -- The meaning of India in pre-Columbian Europe -- From place to colonialism in the Aristotelian tradition -- En la parte del sol : Iberia's invention of the Afro-Indian tropics, 1434-1494 -- Between Cathay and a hot place : reorienting the Asia-America debate -- The tropics of empire in Columbus's Diario. 410 0$aTransformations (M.I.T. Press) 606 $aGeography, Medieval 606 $aDiscoveries in geography 606 $aNavigation$xHistory 607 $aAmerica$xDiscovery and exploration$xSpanish 607 $aTropics$xGeography 607 $aEurope$xIntellectual life$y15th century 615 0$aGeography, Medieval. 615 0$aDiscoveries in geography. 615 0$aNavigation$xHistory. 676 $a980/.013092 700 $aWey Go?mez$b Nicola?s$01015556 801 0$bMiU 801 1$bMiU 906 $aBOOK 912 $a996248157203316 996 $aThe tropics of empire$92371951 997 $aUNISA